000 00713nam a2200277Ia 4500
003 OSt
005 20221005090205.0
006 a|||||r|||| 00| 0
007 ta
008 221004b |||||||| |||| 00| 0 eng d
020 _a0471170836
024 _a29013
037 _cTextual
040 _aCRL
_cCRL
_beng
041 _2eng
_aeng
082 _aB2893N1, N8
100 _aGross Donald
245 0 _aFundamentals of queueing theory
250 _a3rd
260 _aNew York
_bJohn Wiley & Sons INC
_c1998
300 _a441p.
_ccm.
650 _aMATHEMATICS
700 _a Harris Carl M.
942 _hB2893N1, N8
_cTEXL
_2cc
999 _c995354
_d995354